[Event "VII Weekend A"]
[Site "Chioggia"]
[Date "2012.10.13"]
[Round "2"]
[White "Rossi, Gianni"]
[Black "Bacchini, Stefano"]
[Result "0-1"]
[WhiteElo "1862"]
[BlackElo "1958"]
[PlyCount "62"]
[EventDate "2012.10.12"]
[EventType "swiss"]
[EventRounds "5"]
[EventCountry "ITA"]
[SourceDate "2005.09.12"]

1. d4 d5 2. e4 dxe4 3. Nc3 Nf6 4. f3 exf3 5. Nxf3 Bg4 6. h3 Bxf3 7. Qxf3 c6 8.
Qf2 Nbd7 9. Bd3 Qb6 10. a3 O-O-O 11. O-O e6 12. b4 Bd6 13. b5 Bb8 14. bxc6 Qxc6
15. Bd2 h5 16. Ne2 Ne4 17. Bxe4 Qxe4 18. Be3 f6 19. Rab1 g5 20. Rb4 Qc6 21.
Rfb1 b6 22. c4 Qd6 23. c5 Qh2+ 24. Kf1 Bc7 25. Qf3 Kb8 26. Bg1 g4 27. cxb6 Nxb6
28. Rxb6+ axb6 29. Rxb6+ Bxb6 30. Bxh2+ Ka7 31. Nc3 gxf3 0-1

[Event "VII Weekend A"]
[Site "Chioggia"]
[Date "2012.10.13"]
[Round "2"]
[White "Santolini, Luigi"]
[Black "Dragojlovic, Andjelko"]
[Result "0-1"]
[WhiteElo "2157"]
[BlackElo "2350"]
[PlyCount "64"]
[EventDate "2012.10.12"]
[EventType "swiss"]
[EventRounds "5"]
[EventCountry "ITA"]
[SourceDate "2005.09.12"]

1. e4 c5 2. Nf3 g6 3. d4 cxd4 4. Nxd4 Bg7 5. Nc3 Nc6 6. Nb3 Nf6 7. Be2 O-O 8.
O-O d6 9. Bg5 Be6 10. f4 b5 11. Bf3 b4 12. Nd5 Bxd5 13. exd5 Na5 14. Nxa5 Qxa5
15. Re1 Rfe8 16. f5 Rac8 17. fxg6 hxg6 18. a3 e5 19. Qd2 Qc5+ 20. Be3 Bh6 21.
axb4 Bxe3+ 22. Qxe3 Qxe3+ 23. Rxe3 Rxc2 24. Rxa7 Rxb2 25. Ra5 Rxb4 26. Rc3 Rb2
27. Kf1 e4 28. Be2 Re5 29. Bc4 Rf5+ 30. Ke1 Rff2 31. Bf1 Ng4 32. Rb5 Rxf1+ 0-1

[Event "VII Weekend A"]
[Site "Chioggia"]
[Date "2012.10.13"]
[Round "2"]
[White "Vianello, Enrico"]
[Black "Boscolo, Federico"]
[Result "1/2-1/2"]
[WhiteElo "2143"]
[BlackElo "2320"]
[PlyCount "120"]
[EventDate "2012.10.12"]
[EventType "swiss"]
[EventRounds "5"]
[EventCountry "ITA"]
[SourceDate "2005.09.12"]

1. Nf3 Nf6 2. c4 g6 3. Nc3 Bg7 4. e4 d6 5. d4 O-O 6. Be2 e5 7. O-O Nh5 8. Re1
Bg4 9. d5 Nf4 10. Bf1 f5 11. Bxf4 exf4 12. h3 Bxc3 13. bxc3 Bxf3 14. Qxf3 fxe4
15. Rxe4 Qg5 16. c5 Nd7 17. cxd6 Ne5 18. Qd1 cxd6 19. Kh1 Rae8 20. Qd4 b6 21.
a4 Rf7 22. a5 bxa5 23. Rxa5 f3 24. Ra1 Rc7 25. Re3 Rc4 26. Qxa7 fxg2+ 27. Bxg2
Rf4 28. Rg3 Qf6 29. Qb7 Rf8 30. Ra7 Rf7 31. Qc8+ Kg7 32. Rxf7+ Nxf7 33. Qe6
Rxf2 34. Qxf6+ Kxf6 35. Kg1 Rc2 36. Rf3+ Kg7 37. Re3 Ne5 38. Be4 Rd2 39. Kf1
Kf6 40. Re2 Rxe2 41. Kxe2 Nd7 42. Ke3 Ke5 43. c4 Nf6 44. Bg2 g5 45. Bf1 h6 46.
Be2 Ng8 47. Bg4 Ne7 48. Be6 Ng6 49. Bd7 Nh4 50. Bc8 Ng2+ 51. Kf2 Nf4 52. Ke3
Ng6 53. Bg4 Ne7 54. Be6 Nc6 55. dxc6 Kxe6 56. Kf3 h5 57. Ke4 Ke7 58. Kf5 g4 59.
hxg4 hxg4 60. Kxg4 Kd8 1/2-1/2

[Event "VII Weekend A"]
[Site "Chioggia"]
[Date "2012.10.13"]
[Round "2"]
[White "Zamengo, Bruno"]
[Black "Desideri, Alessandro"]
[Result "1-0"]
[WhiteElo "1939"]
[BlackElo "1800"]
[PlyCount "79"]
[EventDate "2012.10.12"]
[EventType "swiss"]
[EventRounds "5"]
[EventCountry "ITA"]
[SourceDate "2005.09.12"]

1. e4 c5 2. Nf3 d6 3. d4 cxd4 4. Nxd4 Nf6 5. Nc3 a6 6. Bg5 Nbd7 7. f4 Qc7 8.
Qf3 h6 9. Bh4 g5 10. fxg5 hxg5 11. Bxg5 Qc5 12. Be3 Ne5 13. Qe2 Neg4 14. Bg1
Qe5 15. O-O-O Bg7 16. Kb1 Kf8 17. g3 Bd7 18. Bg2 Rc8 19. h3 Nh6 20. g4 Nh7 21.
Nd5 Bb5 22. Qe3 Nf6 23. Nc3 Rc4 24. g5 Nh5 25. Ndxb5 axb5 26. Qb6 Kg8 27. gxh6
Rxh6 28. Qxb5 d5 29. Bh2 Qg5 30. Nxd5 Rhc6 31. Rc1 Qxg2 32. Nxe7+ Kf8 33. Nxc6
Rxc2 34. Bd6+ Kg8 35. Ne7+ Kf8 36. Nf5+ Kg8 37. Nxg7 Qxe4 38. Rxc2 Qxh1+ 39.
Rc1 Qe4+ 40. Ka1 {abb.} 1-0

[Event "VII Weekend A"]
[Site "Chioggia"]
[Date "2012.10.13"]
[Round "2"]
[White "Zamengo, Fulvio"]
[Black "Ballarin, Gabriele"]
[Result "1-0"]
[WhiteElo "2058"]
[BlackElo "1877"]
[PlyCount "90"]
[EventDate "2012.10.12"]
[EventType "swiss"]
[EventRounds "5"]
[EventCountry "ITA"]
[SourceDate "2005.09.12"]

1. e4 d6 2. d4 Nf6 3. Nc3 e5 4. Nf3 Nbd7 5. Bc4 Be7 6. h3 c6 7. a4 a5 8. O-O
O-O 9. Be3 Nxe4 10. Nxe4 d5 11. Nxe5 Nxe5 12. dxe5 dxc4 13. Qe2 Be6 14. f4 Qc7
15. Qf2 f5 16. Bb6 Qc8 17. Nc5 Bd5 18. Rad1 Bd8 19. Bxd8 Rxd8 20. e6 Re8 21.
Nd7 Ra6 22. Rfe1 Rxe6 23. Nc5 Rxe1+ 24. Rxe1 Ra8 25. Re7 b6 26. Nd7 Qd8 27. Qe3
Be4 28. Nf6+ Kh8 29. Re8+ Qxe8 30. Nxe8 Rxe8 31. Qxb6 h6 32. Qxa5 Bxc2 33. Qb4
Ra8 34. a5 Bd3 35. Qb6 Kh7 36. Kf2 Be4 37. a6 Bd5 38. a7 Be4 39. g3 Bh1 40. Qb8
c5 41. Ke2 Be4 42. Kd2 Bd5 43. Kc3 h5 44. Qe5 Rd8 45. Qxf5+ g6 1-0

[Event "VII Weekend A"]
[Site "Chioggia"]
[Date "2012.10.13"]
[Round "3"]
[White "Aprile, Martino"]
[Black "Santolini, Luigi"]
[Result "1/2-1/2"]
[WhiteElo "1920"]
[BlackElo "2157"]
[PlyCount "37"]
[EventDate "2012.10.12"]
[EventType "swiss"]
[EventRounds "5"]
[EventCountry "ITA"]
[SourceDate "2005.09.12"]

1. e4 c5 2. Nc3 e6 3. f4 Nc6 4. Nf3 d6 5. Bb5 Bd7 6. O-O a6 7. Bxc6 Bxc6 8. a4
Nf6 9. d3 Be7 10. Qe1 O-O 11. Qg3 b5 12. axb5 axb5 13. Rxa8 Qxa8 14. f5 exf5
15. exf5 Re8 16. Bh6 Bf8 17. Bg5 Be7 18. Bh6 Bf8 19. Bg5 1/2-1/2

[Event "VII Weekend A"]
[Site "Chioggia"]
[Date "2012.10.13"]
[Round "3"]
[White "Bacchini, Stefano"]
[Black "Omeri, Silvan"]
[Result "1/2-1/2"]
[WhiteElo "1958"]
[BlackElo "2203"]
[PlyCount "172"]
[EventDate "2012.10.12"]
[EventType "swiss"]
[EventRounds "5"]
[EventCountry "ITA"]
[SourceDate "2005.09.12"]

1. f4 d5 2. Nf3 c5 3. e3 Nc6 4. Be2 Nf6 5. d3 Qc7 6. O-O Bg4 7. Nbd2 e6 8. c3
Bd6 9. h3 Bh5 10. Nh4 Bxe2 11. Qxe2 g6 12. g4 O-O-O 13. Ng2 Nd7 14. e4 Kb8 15.
Nf3 h6 16. e5 Be7 17. d4 cxd4 18. cxd4 Qb6 19. Be3 Rc8 20. Rfc1 f5 21. Rc3 Bb4
22. Rc2 Na5 23. Rac1 Rxc2 24. Rxc2 Nc4 25. Bf2 a6 26. Ne3 Nxe3 27. Qxe3 Qa5 28.
Qb3 fxg4 29. hxg4 Rf8 30. Bg3 Be7 31. Rc6 Rc8 32. Rxe6 Rc1+ 33. Kg2 Bb4 34.
Rxg6 Qb5 35. Nh2 h5 36. Kh3 hxg4+ 37. Rxg4 Rh1 38. Qf3 Rb1 39. f5 Ka7 40. b3
Rc1 41. f6 Qc6 42. Qf5 Nf8 43. f7 Be7 44. Rf4 Qh6+ 45. Kg2 Rd1 46. Qg5 Rd2+ 47.
Rf2 Rd3 48. Qf4 Bg5 49. Qg4 Be3 50. Re2 Rxd4 51. Qf5 Re4 52. Ng4 Qg5 53. Qxg5
Bxg5 54. Rxe4 dxe4 55. Nf2 e3 56. Ne4 Bh6 57. Kf3 Kb6 58. Nf6 Kc6 59. Ng4 Bg5
60. Nxe3 Bxe3 61. Kxe3 Kd5 62. Kf4 Ke6 63. Ke4 Kxf7 64. Kd5 Ke7 65. Bf2 Ne6 66.
Bc5+ Kd7 67. Bd6 b6 68. Ba3 Nc7+ 69. Ke4 Ke6 70. Bb2 Nd5 71. Bd4 b5 72. Bb2 Nb4
73. a3 Nc6 74. Bc3 a5 75. Bd4 a4 76. b4 Ne7 77. Bb2 Kd7 78. Kd4 Kc6 79. Bc1
Nf5+ 80. Ke4 Ng7 81. Bd2 Ne6 82. Bh6 Nc7 83. Be3 Ne6 84. Bh6 Nc7 85. Be3 Na6
86. Bh6 Nc7 1/2-1/2

[Event "VII Weekend A"]
[Site "Chioggia"]
[Date "2012.10.13"]
[Round "3"]
[White "Ballarin, Gabriele"]
[Black "Marchioli, Roberto"]
[Result "1-0"]
[WhiteElo "1877"]
[BlackElo "1894"]
[PlyCount "67"]
[EventDate "2012.10.12"]
[EventType "swiss"]
[EventRounds "5"]
[EventCountry "ITA"]
[SourceDate "2005.09.12"]

1. e4 c5 2. Na3 Nc6 3. f4 e6 4. Nf3 Nf6 5. d3 Be7 6. c3 a6 7. Be2 b5 8. e5 Nd5
9. Nc2 d6 10. O-O dxe5 11. fxe5 O-O 12. Kh1 Bb7 13. Qe1 Qc7 14. Qg3 f5 15. d4
cxd4 16. Ncxd4 Nxd4 17. Nxd4 Bc8 18. Bd3 Bd7 19. Bd2 Rac8 20. Rae1 Kh8 21. Rf3
Qd8 22. Ref1 Bh4 23. Qh3 Bg5 24. Be1 Qe7 25. g4 g6 26. gxf5 gxf5 27. a4 bxa4
28. Bxa6 Rb8 29. c4 Nc7 30. Bb5 Nxb5 31. cxb5 Bxb5 32. Rg1 Bd7 33. Bc3 Bc8 34.
Nc6 {abb.} 1-0

[Event "VII Weekend A"]
[Site "Chioggia"]
[Date "2012.10.13"]
[Round "3"]
[White "Basso, Pier Luigi"]
[Black "Vianello, Enrico"]
[Result "1-0"]
[WhiteElo "2105"]
[BlackElo "2143"]
[PlyCount "115"]
[EventDate "2012.10.12"]
[EventType "swiss"]
[EventRounds "5"]
[EventCountry "ITA"]
[SourceDate "2005.09.12"]

1. e4 d6 2. d4 Nf6 3. Nc3 e5 4. Nf3 Nbd7 5. dxe5 dxe5 6. Bc4 Bc5 7. O-O O-O 8.
Bg5 c6 9. a4 h6 10. Bh4 Qe7 11. Bb3 Rd8 12. Qe2 Nf8 13. Bg3 Ng6 14. Rad1 Bg4
15. h3 Bh5 16. Rxd8+ Rxd8 17. Rd1 Rd4 18. Bh2 Nh4 19. Bg3 Bxf3 20. gxf3 Ng6 21.
Rxd4 exd4 22. Na2 Nh5 23. Qd2 Qf6 24. Qa5 b6 25. Qxa7 Qxf3 26. Qxf7+ Qxf7 27.
Bxf7+ Kxf7 28. b4 Nxg3 29. bxc5 Nxe4 30. cxb6 Nc5 31. Nb4 Nb7 32. Nxc6 Ne7 33.
a5 Nc5 34. Nxd4 Kf6 35. f4 g5 36. fxg5+ hxg5 37. c3 Ke5 38. Kg2 Nd5 39. Kf3
Nxc3 40. b7 Na6 41. Nc6+ Kd6 42. b8=Q+ Nxb8 43. Nxb8 Nd5 44. Kg4 Nf4 45. Na6
Kc6 46. Nb4+ Kb5 47. a6 Kb6 48. h4 gxh4 49. Kxf4 Ka7 50. Kg4 Kb6 51. Kxh4 Ka7
52. Kg5 Kb6 53. Kf4 Ka7 54. Ke4 Kb6 55. Kd4 Ka7 56. Kd5 Ka8 57. Kc6 Kb8 58. Na2
1-0

[Event "VII Weekend A"]
[Site "Chioggia"]
[Date "2012.10.13"]
[Round "3"]
[White "Bellemo, Davide"]
[Black "Zamengo, Bruno"]
[Result "1-0"]
[WhiteElo "2125"]
[BlackElo "1939"]
[PlyCount "73"]
[EventDate "2012.10.12"]
[EventType "swiss"]
[EventRounds "5"]
[EventCountry "ITA"]
[SourceDate "2005.09.12"]

1. d4 Nf6 2. c4 c5 3. d5 b5 4. cxb5 a6 5. bxa6 Bxa6 6. Nc3 d6 7. e4 Bxf1 8.
Kxf1 Nbd7 9. Nf3 g6 10. g3 Bg7 11. Kg2 Qb6 12. h3 O-O 13. Re1 Ne8 14. Re2 Nc7
15. Bf4 Rfd8 16. Rc2 Na6 17. a3 Qb3 18. Nd2 Qb7 19. Nc4 Nc7 20. Qe2 Nb6 21.
Nxb6 Qxb6 22. Rd1 Bxc3 23. Rxc3 Rab8 24. Rc2 f6 25. b4 cxb4 26. axb4 Na6 27.
Rc6 Qxb4 28. Rxa6 Rdc8 29. Ra7 Kf7 30. Rc1 Rxc1 31. Bxc1 Rc8 32. Bd2 Qd4 33.
Qe3 Qc4 34. Qf3 Rb8 35. Bg5 Rb1 36. Qxf6+ Kg8 37. Ra8+ {abb.} 1-0

[Event "VII Weekend A"]
[Site "Chioggia"]
[Date "2012.10.13"]
[Round "3"]
[White "Boscolo, Federico"]
[Black "Milazzo, Mario"]
[Result "0-1"]
[WhiteElo "2320"]
[BlackElo "2075"]
[PlyCount "98"]
[EventDate "2012.10.12"]
[EventType "swiss"]
[EventRounds "5"]
[EventCountry "ITA"]
[SourceDate "2005.09.12"]

1. e4 e5 2. Nf3 Nc6 3. Nc3 d6 4. Bc4 Be7 5. a3 Nf6 6. d3 O-O 7. h3 Na5 8. Ba2
c5 9. g4 Be6 10. g5 Ne8 11. Nd5 Nc7 12. Be3 Nc6 13. c3 Qd7 14. Qd2 b5 15. Ke2
Rae8 16. Rag1 Bxd5 17. exd5 Nd4+ 18. cxd4 cxd4 19. Rc1 Bd8 20. Bxd4 exd4+ 21.
Kd1 b4 22. Nxd4 bxa3 23. b4 Nb5 24. Nc6 Bb6 25. Bc4 Nd4 26. Nxd4 Bxd4 27. b5
Bb2 28. Rb1 Qf5 29. Kc2 Rc8 30. Kb3 Rc5 31. Rhe1 Rb8 32. Re4 g6 33. Qe3 Rcxb5+
34. Ka2 R5b7 35. f4 Qd7 36. h4 Bd4 37. Rxb7 Qxb7 38. Re8+ Rxe8 39. Qxe8+ Kg7
40. Bb5 Qc7 41. Bc4 Qa5 42. h5 gxh5 43. f5 Qd2+ 44. Kxa3 Qxg5 45. Qe4 Qc1+ 46.
Ka4 Qd1+ 47. Kb5 Bc5 48. f6+ Kxf6 49. Qf4+ Kg6 0-1

[Event "VII Weekend A"]
[Site "Chioggia"]
[Date "2012.10.13"]
[Round "3"]
[White "Boscolo, Marco"]
[Black "Cardarelli, Angelo"]
[Result "1-0"]
[WhiteElo "2150"]
[BlackElo "1965"]
[PlyCount "217"]
[EventDate "2012.10.12"]
[EventType "swiss"]
[EventRounds "5"]
[EventCountry "ITA"]
[SourceDate "2005.09.12"]

1. Nf3 Nf6 2. c4 e6 3. Nc3 d5 4. cxd5 exd5 5. d4 c6 6. Bg5 Be7 7. Qc2 Nbd7 8.
e3 O-O 9. Bd3 Re8 10. O-O Nf8 11. Rab1 g6 12. b4 a6 13. a4 Ne6 14. Bh4 Ng7 15.
b5 axb5 16. axb5 Bf5 17. Bxf5 Nxf5 18. Bxf6 Bxf6 19. bxc6 bxc6 20. Na4 Qc7 21.
Rfc1 Reb8 22. Rxb8+ Rxb8 23. g3 Rc8 24. Nc5 Nd6 25. Nd2 Be7 26. Kg2 Kg7 27. Nd3
Nb7 28. Qb3 Na5 29. Qa2 Bd6 30. Ra1 Nb7 31. Rc1 Na5 32. Rb1 Rd8 33. Qa4 Nb7 34.
Qa7 Rb8 35. Ra1 Nd8 36. Qa2 Bb4 37. Rc1 Qa5 38. Qxa5 Bxa5 39. Nf3 Kf6 40. Nfe5
Rc8 41. Nf4 Rc7 42. Ra1 Ra7 43. Rc1 Rc7 44. Ned3 Ne6 45. Nxe6 Kxe6 46. Nc5+ Kd6
47. Rb1 Ke7 48. Rb8 h5 49. Kf1 Ra7 50. Rb1 Bc7 51. Nd3 Bd6 52. Rb3 Rc7 53. Rc3
h4 54. Kg2 hxg3 55. hxg3 Kf6 56. Rc2 Kf5 57. Kf3 Rc8 58. Ra2 Rc7 59. Ra6 Ke6
60. Nc1 f6 61. Nb3 Kd7 62. Ra1 Ke6 63. Rc1 Kd7 64. Rh1 Ke6 65. Rh6 g5 66. Nd2
c5 67. dxc5 Bxc5 68. Nb3 Ba7 69. Ke2 Rc3 70. Nd2 Ra3 71. Nf3 Kf5 72. Rh7 Ke4
73. Re7+ Kf5 74. Rb7 Ke6 75. Rb2 Ra4 76. Rd2 Rb4 77. Kd3 Ra4 78. Rc2 Ra3+ 79.
Ke2 Kd6 80. Nd2 Ke5 81. Rb2 Ke6 82. Nb3 Ke5 83. Nd2 Ke6 84. Rb3 Rxb3 85. Nxb3
Ke5 86. Kd3 Bb6 87. Nd2 Ke6 88. Nb3 Ke5 89. f3 f5 90. f4+ gxf4 91. gxf4+ Kd6
92. Nd4 Ke7 93. Nxf5+ Kf6 94. Nd4 Bc5 95. Ke2 Bb6 96. Nc2 Ba5 97. Kf3 Bd2 98.
Na3 Bb4 99. Nb5 Ke6 100. Nd4+ Kd6 101. Kg4 Bd2 102. Kg5 Ba5 103. f5 Bd8+ 104.
f6 Bb6 105. Kf5 Bd8 106. Kg6 Kd7 107. Kf5 Kd6 108. Ne6 Bxf6 109. Kxf6 1-0

[Event "VII Weekend A"]
[Site "Chioggia"]
[Date "2012.10.13"]
[Round "3"]
[White "Buriani, Andrea"]
[Black "Boschesi, Giovanni"]
[Result "1-0"]
[WhiteElo "2083"]
[BlackElo "1611"]
[PlyCount "39"]
[EventDate "2012.10.12"]
[EventType "swiss"]
[EventRounds "5"]
[EventCountry "ITA"]
[SourceDate "2005.09.12"]

1. d4 Nf6 2. Nf3 e6 3. Nbd2 d5 4. e3 Nbd7 5. Bd3 Be7 6. b3 c6 7. Bb2 O-O 8. O-O
Qc7 9. c4 Re8 10. Qe2 Bf8 11. Rac1 Qb8 12. Rfe1 b6 13. e4 Bb7 14. e5 Nh5 15.
Ng5 g6 16. Qf3 Re7 17. Nxh7 Bh6 18. Nf6+ Nhxf6 19. exf6 Re8 20. Rcd1 {<n.u.r.;
29B>} 1-0

[Event "VII Weekend A"]
[Site "Chioggia"]
[Date "2012.10.13"]
[Round "3"]
[White "Caldara, Sisto"]
[Black "Rossi, Gianni"]
[Result "1/2-1/2"]
[WhiteElo "1821"]
[BlackElo "1862"]
[PlyCount "126"]
[EventDate "2012.10.12"]
[EventType "swiss"]
[EventRounds "5"]
[EventCountry "ITA"]
[SourceDate "2005.09.12"]

1. d4 Nf6 2. c4 e5 3. dxe5 Ne4 4. Qc2 Bb4+ 5. Nc3 d5 6. Nf3 Bf5 7. Bd2 Nxd2 8.
Qxf5 d4 9. Kxd2 dxc3+ 10. Kc2 cxb2 11. Kxb2 O-O 12. e3 Nc6 13. Be2 Ne7 14. Qc2
Ng6 15. Rad1 Qe7 16. Bd3 a5 17. h4 Rfd8 18. h5 Nf8 19. g4 Ra6 20. g5 Rb6 21.
Ka1 Qc5 22. Bxh7+ Nxh7 23. Rxd8+ Nf8 24. Rd5 Qe7 25. Rb5 Rc6 26. Rxb7 Qe6 27.
Rc1 Ba3 28. Rcb1 Rxc4 29. Qb3 Bb4 30. Nd4 Qa6 31. Rb5 Rxd4 32. exd4 Qxb5 33. a3
Qb6 34. axb4 Qxd4+ 35. Qb2 Qf4 36. g6 fxg6 37. Qc3 Kh7 38. hxg6+ Nxg6 39. Rh1+
Nh4 40. Qd3+ g6 41. Qe3 Qxb4 42. Rh3 Qa4+ 43. Kb1 Qb4+ 44. Kc1 Qc4+ 45. Kd1 Kg7
46. e6 Qa4+ 47. Kc1 Qa1+ 48. Kd2 Qb2+ 49. Kd3 Qb1+ 50. Kc3 Qa1+ 51. Kc4 Qa4+
52. Kc5 Qb4+ 53. Kc6 Qd6+ 54. Kb7 Nf5 55. Qc3+ Nd4 56. Qxc7+ Qxc7+ 57. Kxc7
Nxe6+ 58. Kd6 Ng5 59. Re3 a4 60. Kd5 Kf6 61. Kc4 Kf5 62. Ra3 Ne4 63. Kb4 Kf4
1/2-1/2

[Event "VII Weekend A"]
[Site "Chioggia"]
[Date "2012.10.13"]
[Round "3"]
[White "Dragojlovic, Andjelko"]
[Black "Gastiaburo, Hernan"]
[Result "1-0"]
[WhiteElo "2350"]
[BlackElo "2242"]
[PlyCount "99"]
[EventDate "2012.10.12"]
[EventType "swiss"]
[EventRounds "5"]
[EventCountry "ITA"]
[SourceDate "2005.09.12"]

1. g3 c5 2. Bg2 Nc6 3. Nf3 g6 4. c3 Bg7 5. O-O d5 6. d4 cxd4 7. cxd4 e6 8. Nc3
Nge7 9. Bf4 O-O 10. Rc1 Nf5 11. e3 Bd7 12. g4 Nfe7 13. h3 Rc8 14. Qd2 Qa5 15.
Rfd1 f6 16. a3 b5 17. Bd6 Rfe8 18. Bxe7 Nxe7 19. Nxd5 Qxd2 20. Nxe7+ Kf7 21.
Nxd2 Kxe7 22. Ne4 Rxc1 23. Rxc1 Rc8 24. Nc5 a5 25. b4 a4 26. Rd1 f5 27. g5 Be8
28. f4 h5 29. h4 Rd8 30. Rc1 Rc8 31. Kf2 Bh8 32. Rd1 Rd8 33. Bf3 Bg7 34. Rc1
Rc8 35. Nd3 Rxc1 36. Nxc1 Kd6 37. Ne2 Kc7 38. Nc3 Kb6 39. Ke2 Bd7 40. Kd3 Be8
41. Ne2 Kc7 42. Ng1 Kd6 43. e4 fxe4+ 44. Bxe4 Bf7 45. Ne2 Kc7 46. Nc3 Kb6 47.
Ke3 Be8 48. Bd3 Bh8 49. Ne4 Kc6 50. Bxb5+ 1-0

[Event "VII Weekend A"]
[Site "Chioggia"]
[Date "2012.10.13"]
[Round "3"]
[White "Engl, Stefan"]
[Black "Lantschner, Carmen"]
[Result "1-0"]
[WhiteElo "1864"]
[BlackElo "1665"]
[PlyCount "43"]
[EventDate "2012.10.12"]
[EventType "swiss"]
[EventRounds "5"]
[EventCountry "ITA"]
[SourceDate "2005.09.12"]

1. f4 d6 2. Nf3 Nf6 3. d3 g6 4. e4 Bg7 5. Be2 c5 6. O-O Nc6 7. a4 b6 8. Na3 O-O
9. c3 e5 10. fxe5 Nxe5 11. Nxe5 dxe5 12. Qe1 Be6 13. Qh4 Qd7 14. Rxf6 Bxf6 15.
Qxf6 Qd8 16. Qxe5 Bb3 17. Bh6 f6 18. Qg3 Re8 19. Nb5 Re7 20. Nd6 Be6 21. Rf1
Rd7 22. e5 1-0

[Event "VII Weekend A"]
[Site "Chioggia"]
[Date "2012.10.13"]
[Round "3"]
[White "Guerra, Alessandro"]
[Black "Boscolo, Max"]
[Result "1/2-1/2"]
[WhiteElo "2199"]
[BlackElo "1982"]
[PlyCount "145"]
[EventDate "2012.10.12"]
[EventType "swiss"]
[EventRounds "5"]
[EventCountry "ITA"]
[SourceDate "2005.09.12"]

1. e4 d6 2. d4 Nf6 3. Nc3 g6 4. Be3 c6 5. Qd2 Nbd7 6. Be2 Qa5 7. a3 Bg7 8. g4
h5 9. gxh5 Nxh5 10. Nf3 Ndf6 11. h3 e5 12. O-O-O Bd7 13. Kb1 O-O-O 14. Nb5 Qxd2
15. Nxd6+ Kc7 16. Bxd2 Kxd6 17. dxe5+ Kc7 18. exf6 Nxf6 19. Ng5 Rh4 20. Nxf7
Rf8 21. Ne5 Rxe4 22. Nxd7 Nxd7 23. Bd3 Re6 24. f4 Nc5 25. Bb4 Kb6 26. Rdf1 a5
27. Bxc5+ Kxc5 28. f5 gxf5 29. Rxf5+ Rxf5 30. Bxf5 Rf6 31. Bd3 b5 32. Rg1 Bh6
33. h4 Be3 34. Rg4 Rh6 35. Bg6 Rh8 36. Re4 Bd2 37. h5 Kd5 38. Re2 Bf4 39. Re7
Kc5 40. Re6 Bd2 41. c3 Bf4 42. Be4 Rh6 43. Bg6 Kd5 44. Re8 Kc5 45. Kc2 Kd6 46.
a4 Kc5 47. b4+ Kb6 48. Kb3 bxa4+ 49. Kxa4 axb4 50. Kxb4 Bd6+ 51. Kc4 Bf4 52.
Kd4 Bc1 53. Kc4 Bf4 54. Rf8 Bc1 55. Kb4 Bd2 56. Rd8 Bg5 57. Re8 Bd2 58. Re2 Bf4
59. c4 Bd6+ 60. Kc3 Kc5 61. Re8 Bf4 62. Kd3 Bc1 63. Ra8 Bf4 64. Ra5+ Kb6 65.
Rf5 Bd6 66. Ke4 Ba3 67. Ke5 Kc5 68. Kf6+ Kxc4 69. Kg7 Bc1 70. Rf1 Bd2 71. Rf2
Be3 72. Re2 Bg5 73. Re5 {<n.u.r.; 96>} 1/2-1/2

[Event "VII Weekend A"]
[Site "Chioggia"]
[Date "2012.10.13"]
[Round "3"]
[White "Litrico, Paolo"]
[Black "Knottner, Klaus"]
[Result "1-0"]
[WhiteElo "1981"]
[BlackElo "1907"]
[PlyCount "76"]
[EventDate "2012.10.12"]
[EventType "swiss"]
[EventRounds "5"]
[EventCountry "ITA"]
[SourceDate "2005.09.12"]

1. d4 d5 2. Bf4 Nf6 3. e3 e6 4. Bd3 Nbd7 5. Nf3 Be7 6. Nbd2 c5 7. c3 O-O 8. Ne5
Re8 9. Qf3 Qb6 10. Rb1 Nf8 11. Qh3 Qd8 12. Bg3 Bd7 13. f4 Rc8 14. Bh4 cxd4 15.
exd4 a6 16. g4 Bb5 17. Bc2 Bc6 18. Bxf6 Bxf6 19. O-O Bb5 20. Rf3 Bxe5 21. fxe5
Qg5 22. Rf2 Bc4 23. a3 Rc7 24. Re1 Bb5 25. Re3 Bc6 26. Ref3 b6 27. Nf1 Bb5 28.
Ng3 a5 29. Kg2 Ng6 30. Bxg6 Qxg6 31. Nh5 Qg5 32. Qg3 Ba4 33. Rf4 Bd1 34. Rd2
Bb3 35. h4 Qd8 36. g5 Kh8 37. Qf3 Rf8 38. Rf2 Qd7 {<n.u.r.; 64B>} 1-0

[Event "VII Weekend A"]
[Site "Chioggia"]
[Date "2012.10.13"]
[Round "3"]
[White "Lodici, Lorenzo"]
[Black "Del Monaco, Andrea"]
[Result "1/2-1/2"]
[WhiteElo "1870"]
[BlackElo "2275"]
[PlyCount "87"]
[EventDate "2012.10.12"]
[EventType "swiss"]
[EventRounds "5"]
[EventCountry "ITA"]
[SourceDate "2005.09.12"]

1. d4 Nf6 2. c4 e6 3. Nc3 Bb4 4. e3 O-O 5. Bd3 d5 6. Nf3 c5 7. O-O Nc6 8. cxd5
exd5 9. dxc5 Bg4 10. h3 Bxf3 11. Qxf3 Bxc3 12. bxc3 Qa5 13. Bb2 Ne5 14. Qe2
Qxc5 15. Rfd1 Rfe8 16. Rac1 Rac8 17. Qc2 h6 18. Qb3 Qc7 19. a4 Nxd3 20. Rxd3
Qc4 21. Qxc4 Rxc4 22. Rd4 Re4 23. Ra1 Rexd4 24. cxd4 a5 25. f3 Nd7 26. Bc1 Rc2
27. Ba3 Nb6 28. Be7 Rc4 29. Bd8 Rb4 30. Bxb6 Rxb6 31. Rc1 Rb3 32. Rc5 b6 33.
Rxd5 Rxe3 34. Rb5 Re6 35. Kf2 Kf8 36. d5 Rf6 37. Ke3 Ke7 38. Ke4 Kd7 39. Rb2 h5
40. g3 Rg6 41. g4 hxg4 42. hxg4 Kc7 43. Ke5 Rg5+ 44. Kd4 1/2-1/2

[Event "VII Weekend A"]
[Site "Chioggia"]
[Date "2012.10.13"]
[Round "3"]
[White "Luciani, Valerio"]
[Black "Cacco, Christian"]
[Result "1/2-1/2"]
[WhiteElo "2206"]
[BlackElo "2302"]
[PlyCount "96"]
[EventDate "2012.10.12"]
[EventType "swiss"]
[EventRounds "5"]
[EventCountry "ITA"]
[SourceDate "2005.09.12"]

1. d4 Nf6 2. c4 g6 3. Nc3 Bg7 4. Nf3 d6 5. g3 Na6 6. Bg2 O-O 7. O-O c5 8. h3
Bd7 9. d5 Nc7 10. a4 Be8 11. e4 Nd7 12. Bf4 f6 13. Qe2 b6 14. Bd2 Bf7 15. Ne1
e5 16. dxe6 Nxe6 17. f4 Nd4 18. Qd3 Nb8 19. Nb5 Nbc6 20. Nxd4 Nxd4 21. Bc3 Rc8
22. Bxd4 cxd4 23. b3 f5 24. exf5 gxf5 25. Nf3 d5 26. Rac1 dxc4 27. bxc4 Kh8 28.
Ne5 Be8 29. Bd5 Qd6 30. Qxd4 Qc5 31. Qxc5 Rxc5 32. Kg2 Bf6 33. g4 Ra5 34. gxf5
Rxa4 35. Ra1 Rxa1 36. Rxa1 Bxe5 37. fxe5 Rxf5 38. Rxa7 Rxe5 39. Kf3 Bg6 40. Rb7
Rf5+ 41. Kg4 Rf6 42. h4 h6 43. Rb8+ Kg7 44. h5 Bd3 45. Rg8+ Kh7 46. Re8 Kg7 47.
Rg8+ Kh7 48. Re8 Kg7 1/2-1/2

[Event "VII Weekend A"]
[Site "Chioggia"]
[Date "2012.10.13"]
[Round "3"]
[White "Novelli, Cristiano"]
[Black "Losso, Agostino"]
[Result "1-0"]
[WhiteElo "2025"]
[BlackElo "1751"]
[PlyCount "47"]
[EventDate "2012.10.12"]
[EventType "swiss"]
[EventRounds "5"]
[EventCountry "ITA"]
[SourceDate "2005.09.12"]

1. e4 c5 2. Nc3 Nc6 3. g3 g6 4. Bg2 Bg7 5. d3 d6 6. Be3 Nf6 7. h3 O-O 8. Qd2
Rb8 9. Nge2 Bd7 10. f4 Qc8 11. g4 Bxg4 12. hxg4 Qxg4 13. Bh3 Qf3 14. O-O-O Ng4
15. Bxg4 Qxg4 16. Rdg1 Qd7 17. d4 cxd4 18. Nxd4 f5 19. Qh2 h6 20. Rxg6 Rf6 21.
Rxf6 exf6 22. Nxf5 Ne7 23. Nxg7 Kxg7 24. Qxh6+ 1-0

[Event "VII Weekend A"]
[Site "Chioggia"]
[Date "2012.10.13"]
[Round "3"]
[White "Resch, Aaron"]
[Black "Negro, Roberto"]
[Result "0-1"]
[WhiteElo "1666"]
[BlackElo "2106"]
[PlyCount "33"]
[EventDate "2012.10.12"]
[EventType "swiss"]
[EventRounds "5"]
[EventCountry "ITA"]
[SourceDate "2005.09.12"]

1. e4 g6 2. d4 Bg7 3. Be3 d6 4. Nc3 Nf6 5. Be2 c6 6. f4 Qb6 7. Rb1 e5 8. Qd2
exd4 9. Qxd4 c5 10. Qd2 O-O 11. Nf3 Re8 12. Bd3 d5 13. e5 d4 14. exf6 dxc3 15.
Qxc3 Rxe3+ 16. Kd2 Bxf6 17. Qxf6 0-1